[Event "Urals-ch"]
[Site "Satka"]
[Date "2012.03.29"]
[Round "6"]
[White "Panov, Maksim"]
[Black "Kondrin, Alexander"]
[Result "0-1"]
[WhiteElo "2048"]
[BlackElo "2292"]
[PlyCount "78"]
[EventDate "2012.03.24"]
[EventType "swiss"]
[EventRounds "9"]
[EventCountry "RUS"]
[SourceTitle "CBM 147 Extra"]
[Source "ChessBase"]
[SourceDate "2012.04.24"]
[SourceVersion "1"]
[SourceVersionDate "2012.04.24"]
[SourceQuality "1"]

1. c4 e6 2. g3 d5 3. Bg2 dxc4 4. Qa4+ Nd7 5. Qxc4 a6 6. Qc2 c5 7. Nf3 Ngf6 8. 0-0 b5 9. a4 Bb7 10. axb5 axb5 11. Rxa8 Qxa8 12. Nc3 b4 13. Na4 Be7 14. b3 0-0 15. Bb2 Rc8 16. Ra1 Qb8 17. d3 Ne8 18. h3 h6 19. Nd2 Bxg2 20. Kxg2 Nd6 21. Nc4 Nb5 22. Qd2 Bf6 23. e3 Be7 24. Kg1 Rd8 25. Qe2 Qb7 26. Rd1 Qc6 27. Qh5 Bg5 28. Kh2 g6 29. Qe2 Bf6 30. d4 cxd4 31. exd4 Bg7 32. Ne5 Qd5 33. Nxd7 Qxd7 34. Nc5 Qc6 35. Qc4 Qf3 36. Rd2 Nxd4 37. Nb7 Qxb7 38. Bxd4 Qf3 39. Kg1 e5 0-1

[Event "Urals-ch"]
[Site "Satka"]
[Date "2012.03.26"]
[Round "3"]
[White "Kondrin, Alexander"]
[Black "Orekhov, Nikolai"]
[Result "1-0"]
[WhiteElo "2292"]
[BlackElo "2017"]
[PlyCount "47"]
[EventDate "2012.03.24"]
[EventType "swiss"]
[EventRounds "9"]
[EventCountry "RUS"]
[SourceTitle "CBM 147 Extra"]
[Source "ChessBase"]
[SourceDate "2012.04.24"]
[SourceVersion "1"]
[SourceVersionDate "2012.04.24"]
[SourceQuality "1"]

1. d4 d5 2. c4 c6 3. Nf3 Nf6 4. e3 e6 5. Nbd2 c5 6. a3 a5 7. b3 b6 8. Bb2 Bb7 9. Ne5 dxc4 10. Ndxc4 Be7 11. dxc5 Qxd1+ 12. Rxd1 Bxc5 13. Nd6+ Bxd6 14. Rxd6 Nd5 15. e4 Nf6 16. f3 Nbd7 17. Bb5 Ke7 18. Nxd7 Kxd6 19. e5+ Kc7 20. exf6 Bc6 21. fxg7 Rhg8 22. Bxc6 Kxc6 23. Ne5+ Kb7 24. Nxf7 1-0

[Event "Urals-ch"]
[Site "Satka"]
[Date "2012.03.25"]
[Round "2"]
[White "Ovetchkin, Roman"]
[Black "Kondrin, Alexander"]
[Result "1-0"]
[WhiteElo "2499"]
[BlackElo "2292"]
[PlyCount "65"]
[EventDate "2012.03.24"]
[EventType "swiss"]
[EventRounds "9"]
[EventCountry "RUS"]
[SourceTitle "CBM 147 Extra"]
[Source "ChessBase"]
[SourceDate "2012.04.24"]
[SourceVersion "1"]
[SourceVersionDate "2012.04.24"]
[SourceQuality "1"]

1. Nf3 Nf6 2. c4 e6 3. g3 d5 4. d4 dxc4 5. Bg2 a6 6. 0-0 b5 7. Ne5 Nd5 8. a4 Bb7 9. axb5 axb5 10. Rxa8 Bxa8 11. e4 Nf6 12. Nc3 c6 13. Bg5 h6 14. Qa1 Bb7 15. Qa7 Qc8 16. Bxf6 gxf6 17. Ng4 Bg7 18. e5 f5 19. Ne3 0-0 20. g4 f4 21. Nc2 f6 22. exf6 Bxf6 23. Re1 f3 24. Bh3 Re8 25. Ne4 Be7 26. Nc5 Bxc5 27. Qxc5 Qd8 28. Qh5 Kg7 29. d5 cxd5 30. Nd4 Bc8 31. Nf5+ exf5 32. Rxe8 Qd7 33. g5 1-0

[Event "Cheliabinsk op 08"]
[Site "Cheliabinsk"]
[Date "2009.08.14"]
[Round "8"]
[White "Kondrin, Alexander"]
[Black "Bakin, Alexander1111"]
[Result "0-1"]
[WhiteElo "2288"]
[BlackElo "2248"]
[PlyCount "102"]
[EventDate "2009.08.08"]
[EventType "swiss"]
[EventRounds "9"]
[EventCountry "RUS"]
[SourceTitle "CBM 132 Extra"]
[Source "ChessBase"]
[SourceDate "2009.11.03"]
[SourceVersion "1"]
[SourceVersionDate "2009.11.03"]
[SourceQuality "1"]

1. d4 Nf6 2. c4 e6 3. Nc3 c5 4. d5 exd5 5. cxd5 d6 6. e4 g6 7. Bf4 a6 8. Nf3 Bg7 9. Qa4+ Kf8 10. Be2 Ne8 11. 0-0 Bg4 12. Qb3 b5 13. a4 b4 14. Nd1 Nd7 15. Ne3 Bxf3 16. Bxf3 Qf6 17. Bg3 Qxb2 18. Qxb2 Bxb2 19. Rab1 Bd4 20. Nc4 Ne5 21. Bxe5 dxe5 22. g3 Rd8 23. Kg2 Nd6 24. Nxd6 Rxd6 25. Be2 a5 26. Bc4 Kg7 27. g4 Rf6 28. f3 Rf4 29. Bd3 Rc8 30. Rfe1 f5 31. gxf5 gxf5 32. exf5 Kf6 33. Be4 c4 34. Kh1 c3 35. Re2 h5 36. Rg2 Rxf5 37. h3 Rg5 38. Bc2 Rxg2 39. Kxg2 Rg8+ 40. Kh2 Kg5 41. Re1 Kf4 42. Bd1 Rb8 43. Re4+ Kf5 44. Bb3 Rc8 45. Re2 Kf4 46. Bd1 Be3 47. Kg2 Rg8+ 48. Kh2 Rd8 49. Bb3 Kxf3 50. Rg2 Ke4 51. Rg6 Rxd5 0-1

[Event "Cheliabinsk op 08"]
[Site "Cheliabinsk"]
[Date "2009.08.11"]
[Round "5"]
[White "Lefebr, Vladislav"]
[Black "Kondrin, Alexander"]
[Result "1-0"]
[WhiteElo "2110"]
[BlackElo "2288"]
[PlyCount "47"]
[EventDate "2009.08.08"]
[EventType "swiss"]
[EventRounds "9"]
[EventCountry "RUS"]
[SourceTitle "CBM 132 Extra"]
[Source "ChessBase"]
[SourceDate "2009.11.03"]
[SourceVersion "1"]
[SourceVersionDate "2009.11.03"]
[SourceQuality "1"]

1. e4 c6 2. d4 d5 3. e5 Bf5 4. g4 Be4 5. f3 Bg6 6. Ne2 e6 7. Nf4 Qh4+ 8. Ke2 c5 9. Nxg6 hxg6 10. c3 Nc6 11. Qa4 c4 12. Be3 Nge7 13. Nd2 Nc8 14. b3 cxb3 15. axb3 Be7 16. b4 0-0 17. b5 Nb6 18. Qc2 Nb8 19. Bf2 Qg5 20. h4 Qf4 21. Be3 Qg3 22. Rh3 Qxh4 23. Rxh4 Bxh4 24. g5 1-0

[Event "Cheliabinsk op 08"]
[Site "Cheliabinsk"]
[Date "2009.08.09"]
[Round "2"]
[White "Kondrin, Alexander"]
[Black "Matiushinsky, Vladimir"]
[Result "1-0"]
[WhiteElo "2288"]
[BlackElo "2029"]
[PlyCount "35"]
[EventDate "2009.08.08"]
[EventType "swiss"]
[EventRounds "9"]
[EventCountry "RUS"]
[SourceTitle "CBM 132 Extra"]
[Source "ChessBase"]
[SourceDate "2009.11.03"]
[SourceVersion "1"]
[SourceVersionDate "2009.11.03"]
[SourceQuality "1"]

1. d4 Nf6 2. c4 e6 3. Nc3 Bb4 4. Qc2 0-0 5. a3 Bxc3+ 6. Qxc3 Ne4 7. Qc2 f5 8. e3 b6 9. Bd3 Bb7 10. Nf3 d6 11. 0-0 Nd7 12. b4 Ng5 13. Nxg5 Qxg5 14. f3 e5 15. c5 e4 16. f4 exd3 17. Qb3+ Kh8 18. fxg5 1-0

[Event "Cheliabinsk Cup 7th"]
[Site "Cheliabinsk"]
[Date "2009.??.??"]
[Round "?"]
[White "Kosov, Viacheslav"]
[Black "Kondrin, Alexander"]
[Result "0-1"]
[WhiteElo "2064"]
[BlackElo "2282"]
[PlyCount "46"]
[EventDate "2009.??.??"]
[EventType "swiss"]
[EventRounds "9"]
[EventCountry "RUS"]
[SourceTitle "EXT 2012"]
[Source "ChessBase"]
[SourceDate "2011.11.24"]
[SourceVersion "1"]
[SourceVersionDate "2011.11.24"]
[SourceQuality "1"]

1. d4 d5 2. c4 e6 3. Nf3 Nf6 4. Bg5 h6 5. Bh4 dxc4 6. Nc3 c6 7. a4 Bb4 8. e3 b5 9. Nd2 Bb7 10. Qc2 a6 11. Be2 Nbd7 12. 0-0 0-0 13. Bf3 Qb6 14. Rfb1 Nd5 15. Bg3 f5 16. e4 fxe4 17. Qxe4 c5 18. a5 Qc6 19. Re1 Rae8 20. Bg4 cxd4 21. Bxe6+ Rxe6 22. Qxe6+ Qxe6 23. Rxe6 dxc3 0-1

[Event "Cheliabinsk Cup"]
[Site "Cheliabinsk"]
[Date "2008.09.08"]
[Round "7"]
[White "Vyatkin, Dmitry"]
[Black "Kondrin, Alexander"]
[Result "1/2-1/2"]
[WhiteElo "2369"]
[BlackElo "2256"]
[PlyCount "85"]
[EventDate "2008.09.02"]
[EventType "swiss"]
[EventRounds "9"]
[EventCountry "RUS"]
[SourceTitle "EXT 2010"]
[Source "ChessBase"]
[SourceDate "2010.11.25"]
[SourceVersion "1"]
[SourceVersionDate "2010.11.25"]
[SourceQuality "1"]

1. c4 e6 2. d4 d5 3. Nc3 c6 4. Nf3 Nf6 5. cxd5 exd5 6. Bg5 Be7 7. e3 Bf5 8. Bd3 Bxd3 9. Qxd3 Nbd7 10. 0-0 0-0 11. Nd2 Re8 12. Rab1 a5 13. b3 h6 14. Bh4 Nh5 15. Bxe7 Qxe7 16. Rfe1 Nhf6 17. Rbc1 Qd6 18. f3 Rad8 19. Na4 Qb4 20. Nb1 Qd6 21. Qc3 Ra8 22. Nd2 Qb4 23. Nb2 Qxc3 24. Rxc3 Re6 25. Kf2 Ne8 26. a4 Nd6 27. Nd3 Re7 28. g4 g6 29. h3 Kg7 30. Rb1 Kf8 31. b4 axb4 32. Rxb4 Ra7 33. Nc5 Nxc5 34. dxc5 Ne8 35. Nb3 Nc7 36. Nd4 Ne6 37. Nxe6+ Rxe6 38. Rcb3 Re7 39. Ke2 Ke8 40. Kd3 Kd8 41. Kd4 Kc8 42. Rc3 Kc7 43. Rcb3 1/2-1/2